Rǧimen fiscal de los ingresos por actividades empresariales y profesionales Personas fs̕icas 2019 /

Bibliographic Details
Main Author: Campero Guerrero, Eladio
Other Authors: Přez Chv̀ez, Još, Fol Olgun̕, Raymundo
Format: eBook
Language:Spanish
Published: Ciudad de Mx̌ico: Tax Editores, 2019
Subjects:
Online Access:Acceso restringido

MARC

LEADER 00000nam a22000007a 4500
005 20190712000751.0
007 cr|||| ||||
008 190712s2019 mx |||||s|||| 00||0 spa d
020 |a 978-607-629-353-9 
035 |a 23706 
040 |a vLex 
090 |c 9022  |d 9022 
100 1 |a Campero Guerrero, Eladio 
245 0 0 |a Rǧimen fiscal de los ingresos por actividades empresariales y profesionales  |h [Recurso electrn̤ico] :  |b Personas fs̕icas 2019 /  |c Eladio Campero Guerrero, Jos ̌Přez Chv̀ez, Raymundo Fol Olgun̕ 
256 |a Servicio en ln̕ea 
260 |a Ciudad de Mx̌ico:  |b Tax Editores,  |c 2019 
300 |a 1 recurso electrn̤ico 
506 1 |a Disponible solo en los productos indicados  |d vLex Global  |d vLex Global (Academic Edition, excluding Law Schools)  |d vLex Global (U.S. Academic Edition, Law Schools)  |d vLex Global (U.S. Academic Edition, excluding Law Schools)  |d vLex Global (Academic Edition, Law Schools) 
650 0 4 |a Derecho Fiscal  |z Mx̌ico 
700 1 |a Přez Chv̀ez, Još 
700 1 |a Fol Olgun̕, Raymundo 
740 0 |a vLex Libros (Servicio en ln̕ea) 
856 4 0 |u http://vlex.com/source/regimen-fiscal-de-los-ingresos-por-actividades-empresariales-y-profesionales-personas-fisicas-2019-23706  |z Acceso restringido 
942 |c BOOK 
999 0 |a Tax Law